| 000 | 00680nam a2200265Ia 4500 | ||
|---|---|---|---|
| 005 | 20260121170625.0 | ||
| 008 | 008 260114s9999 xx 000 0 eng d | ||
| 020 | _a9789811082160 | ||
| 037 | _aEBOOK | ||
| 040 | _aCRL | ||
| 040 | _beng | ||
| 040 | _cCRL | ||
| 041 | _2eng | ||
| 041 | _aeng | ||
| 084 | _qCRL | ||
| 100 |
_aMohd Sayeed Akhtar, Mallappa Kumara Swamy _91066158 |
||
| 245 | 0 | _aAnticancer Plants: Clinical Trials and Nanotechnology | |
| 260 | _bSpringer | ||
| 260 | _bSpringer | ||
| 260 | _c2017 | ||
| 856 | _uhttps://link.springer.com/openurl?genre=book&isbn=978-981-10-8216-0 | ||
| 942 | _cEBOOK | ||
| 999 |
_c1631888 _d1631888 |
||